| 000 | 00497nam a22001817a 4500 | ||
|---|---|---|---|
| 999 |
_c257807 _d257806 |
||
| 003 | OSt | ||
| 005 | 20231110110622.0 | ||
| 008 | 190926b xxu||||| |||| 00| 0 eng d | ||
| 020 | _a81700117-x | ||
| 040 | _cRU | ||
| 050 |
_aZ846 .I4 _bV58 2006 |
||
| 100 | _a Viswanathan, C.G. | ||
| 245 |
_aPublic Library Organization: _bwith special reference to India |
||
| 250 |
_a4th ed _brevised |
||
| 260 |
_aNew Delhi _bEss Ess Publications _c2005 |
||
| 300 |
_axxi, 216p _bill. _c23cm |
||
| 942 |
_2lcc _cBK |
||